[Event "120th YMCA Spring D"]
[Site "Warszawa"]
[Date "2013.04.09"]
[Round "1"]
[White "Rozycki, Dariusz"]
[Black "Kopaczewski, Zbigniew"]
[Result "1-0"]
[WhiteElo "1465"]
[BlackElo "1634"]
[PlyCount "71"]
[EventDate "2013.04.09"]
[EventType "tourn"]
[EventRounds "1"]
[EventCountry "POL"]
[SourceDate "2013.04.10"]

1. e4 g6 2. d4 e6 3. Bc4 a6 4. Nf3 b5 5. Bd3 c5 6. a4 c4 7. Be2 Bb7 8. axb5
axb5 9. Ra3 Bxa3 10. Nxa3 Ba6 11. O-O Qc7 12. e5 b4 13. Nb1 d5 14. exd6 Qxd6
15. Ne5 Nc6 16. Bf4 Qxd4 17. Bf3 Qxf4 18. Bxc6+ Ke7 19. Qd7+ Kf8 20. Qd6+ Kg7
21. Bxa8 Bb5 22. g3 Qf5 23. Re1 Qxc2 24. Qxb4 Nf6 25. Qxb5 Rxa8 26. Na3 Qd2 27.
Nf3 Qd3 28. Kg2 Rd8 29. Qxc4 Qd7 30. Re3 h5 31. b4 Rc8 32. Qd4 Qe7 33. b5 Ra8
34. Nc4 Kg8 35. b6 Nd5 36. Qxd5 1-0

[Event "120th YMCA Spring D"]
[Site "Warszawa"]
[Date "2013.04.09"]
[Round "1"]
[White "Malicka, Maria"]
[Black "Budrewicz, Henryk"]
[Result "0-1"]
[WhiteElo "1297"]
[BlackElo "1573"]
[PlyCount "96"]
[EventDate "2013.04.09"]
[EventType "tourn"]
[EventRounds "1"]
[EventCountry "POL"]
[SourceDate "2013.04.10"]

1. e4 e6 2. d4 b6 3. Nc3 Bb7 4. Bd3 Bb4 5. Bd2 f5 6. Nge2 Nf6 7. f3 Bxc3 8.
Nxc3 fxe4 9. fxe4 Nxe4 10. Bxe4 Bxe4 11. Nxe4 Qh4+ 12. Nf2 Qxd4 13. Bc3 Qe3+
14. Qe2 Qg5 15. Nd3 O-O 16. Qd2 Qh4+ 17. g3 Qe4+ 18. Kd1 Qxh1+ 19. Ne1 Qd5 20.
Qxd5 exd5 21. a4 c5 22. Ke2 d4 23. Bd2 Nc6 24. c3 Rae8+ 25. Kd3 Ne5+ 26. Kc2
Nf3 27. Nxf3 Rxf3 28. cxd4 cxd4 29. Re1 Rxe1 30. Bxe1 Rf1 31. Kd2 Rf3 32. h4
Kf7 33. g4 Ke6 34. g5 Kd5 35. Kc2 Ke4 36. Kd2 Rh3 37. Kc2 Rh2+ 38. Kc1 d3 39.
b3 Rh1 40. Kd2 a5 41. Bg3 Rb1 42. Kc3 Ke3 43. h5 Rc1+ 44. Kb2 d2 45. Bh2 d1=Q
46. Bf4+ Kxf4 47. b4 Qc2+ 48. Ka3 Ra1# 0-1

[Event "120th YMCA Spring D"]
[Site "Warszawa"]
[Date "2013.04.10"]
[Round "1"]
[White "Duda, Ryszard"]
[Black "Gajewski, Wojciech"]
[Result "1-0"]
[WhiteElo "1631"]
[BlackElo "1500"]
[PlyCount "55"]
[EventDate "2013.04.09"]
[EventType "tourn"]
[EventRounds "1"]
[EventCountry "POL"]
[SourceDate "2013.04.10"]

1. e4 g6 2. d4 Bg7 3. c4 d6 4. Nc3 e5 5. Be3 Nc6 6. d5 Nce7 7. Nf3 f5 8. exf5
gxf5 9. Bg5 a6 10. Be2 Bd7 11. Nh4 Rb8 12. Bh5+ Kf8 13. Qf3 Bf6 14. Bxf6 Nxf6
15. O-O-O Nxh5 16. Qxh5 Qe8 17. Qh6+ Kf7 18. Nf3 Ng6 19. h4 Qf8 20. Qg5 Qe7 21.
h5 Nf8 22. Qd2 Rg8 23. g3 Bc8 24. Rde1 Nd7 25. Nd4 Qf8 26. Nxf5 Ke8 27. Nd4 Kd8
28. Ne6+ 1-0

[Event "120th YMCA Spring D"]
[Site "Warszawa"]
[Date "2013.04.19"]
[Round "1"]
[White "Kwiek, Janusz"]
[Black "Golecki, Jan"]
[Result "1-0"]
[WhiteElo "1642"]
[BlackElo "1505"]
[PlyCount "103"]
[EventDate "2013.04.09"]
[EventType "tourn"]
[EventRounds "1"]
[EventCountry "POL"]
[SourceDate "2013.04.10"]

1. Nf3 Nf6 2. d4 g6 3. c4 Bg7 4. Nc3 d6 5. e4 O-O 6. Be2 Nbd7 7. O-O e5 8. Be3
exd4 9. Nxd4 Nc5 10. f3 Ne6 11. Qd2 Ne8 12. Rfd1 Nxd4 13. Bxd4 Bxd4+ 14. Qxd4
f5 15. c5 Be6 16. e5 a6 17. cxd6 cxd6 18. exd6 Qd7 19. Na4 Qg7 20. Nc5 Qxd4+
21. Rxd4 Kf7 22. Nxb7 Nf6 23. Rc1 Rfc8 24. Rc7+ Rxc7 25. dxc7 Ne8 26. Nd8+ Kf6
27. Nxe6 Kxe6 28. Rd8 Nxc7 29. Rxa8 Nxa8 30. Bxa6 Nb6 31. Kf2 Ke5 32. g3 g5 33.
Ke2 Na4 34. b4 Nc3+ 35. Kd3 Nxa2 36. Kc4 Kd6 37. Bc8 f4 38. gxf4 gxf4 39. b5
Nc1 40. b6 Kc6 41. b7 Kc7 42. Kd5 Ne2 43. Ke4 Kb8 44. h4 Kc7 45. Ke5 Kb8 46. h5
h6 47. Kf6 Nd4 48. Bg4 Kxb7 49. Kg6 Kc7 50. Kxh6 Kd8 51. Kg7 Ke7 52. h6 1-0

[Event "120th YMCA Spring D"]
[Site "Warszawa"]
[Date "2013.04.09"]
[Round "1"]
[White "Bartczak, Hanna"]
[Black "Kokoszczynski, Jan"]
[Result "1-0"]
[WhiteElo "1562"]
[BlackElo "1623"]
[PlyCount "119"]
[EventDate "2013.04.09"]
[EventType "tourn"]
[EventRounds "1"]
[EventCountry "POL"]
[SourceDate "2013.04.10"]

1. d4 Nf6 2. c4 g6 3. Nc3 Bg7 4. e4 d6 5. Nf3 O-O 6. Be2 e5 7. dxe5 dxe5 8.
Qxd8 Rxd8 9. Bg5 Nbd7 10. Rd1 Re8 11. Nb5 Nc5 12. Bxf6 Bxf6 13. Nxc7 Bg4 14.
Nxe8 Rxe8 15. Nd2 Bxe2 16. Kxe2 Ne6 17. f3 Nf4+ 18. Kf2 Rd8 19. Nb3 Rc8 20. g3
Ne6 21. c5 Nxc5 22. Nxc5 Rxc5 23. Rc1 Rb5 24. b3 Be7 25. Rhd1 Bc5+ 26. Ke2 Bd4
27. f4 Rb6 28. fxe5 Bxe5 29. Rd7 Ra6 30. Rc2 Rb6 31. Ke3 Kg7 32. Rc5 Bd6 33.
Rd5 Bb4 34. e5 a5 35. Rc7 h5 36. Rdd7 Kh6 37. Rxf7 Re6 38. Kd4 Kg5 39. Rxb7 Ba3
40. Kd5 Re8 41. e6 Rd8+ 42. Kc6 Rd6+ 43. Kb5 Rxe6 44. Kxa5 Re2 45. Rb5+ Kg4 46.
Rf4+ Kh3 47. Rh4+ Kg2 48. Kb6 Be7 49. a4 Bxh4 50. gxh4 Kh3 51. Rb4 Rxh2 52. a5
Kg3 53. a6 Rxh4 54. Rxh4 Kxh4 55. a7 g5 56. a8=Q g4 57. Qh1+ Kg5 58. Qh2 h4 59.
Qe5+ Kg6 60. Qf4 1-0

[Event "120th YMCA Spring D"]
[Site "Warszawa"]
[Date "2013.04.10"]
[Round "1"]
[White "Baum, Jonasz"]
[Black "Markiewicz, Janusz"]
[Result "1-0"]
[WhiteElo "1516"]
[BlackElo "1406"]
[PlyCount "97"]
[EventDate "2013.04.09"]
[EventType "tourn"]
[EventRounds "1"]
[EventCountry "POL"]
[SourceDate "2013.04.10"]

1. e4 e5 2. Nf3 d5 3. exd5 e4 4. Qe2 Nf6 5. Nc3 Be7 6. Nxe4 Nxd5 7. d3 O-O 8.
Qd1 f5 9. Ng3 Re8 10. Be2 Nc6 11. O-O h6 12. d4 f4 13. Ne4 Bb4 14. Bd3 Bf5 15.
Nc5 Bxd3 16. Nxd3 Bd6 17. c4 Ndb4 18. c5 Nxd3 19. Qxd3 Be7 20. Bxf4 Kh8 21.
Rad1 Nb4 22. Qb3 Nd5 23. Ne5 Kg8 24. Bg3 c6 25. Qxb7 Rb8 26. Qxc6 Bf6 27. Nd7
Nb4 28. Nxf6+ gxf6 29. Qa4 Rb7 30. a3 Nd5 31. Qc2 Rg7 32. Rfe1 Rxe1+ 33. Rxe1
Qa5 34. Rc1 Kh8 35. Qc4 Re7 36. h3 Qd2 37. Rb1 Nf4 38. Bxf4 Qxf4 39. c6 Rc7 40.
Rc1 Qe4 41. d5 Qe5 42. Qc5 Qxb2 43. d6 Rg7 44. d7 Qd2 45. c7 Rxd7 46. c8=Q+ Kg7
47. Q8f8+ Kg6 48. Qe8+ Rf7 49. Qc4 1-0

[Event "120th YMCA Spring D"]
[Site "Warszawa"]
[Date "2013.04.24"]
[Round "2"]
[White "Kopaczewski, Zbigniew"]
[Black "Markiewicz, Janusz"]
[Result "0-1"]
[WhiteElo "1634"]
[BlackElo "1406"]
[Annotator "Admin"]
[PlyCount "103"]
[EventDate "2013.04.09"]
[EventType "tourn"]
[EventRounds "1"]
[EventCountry "POL"]
[SourceDate "2013.04.10"]

1. e3 e5 2. g3 e4 3. d4 d5 4. c4 c6 5. Qb3 Nf6 6. Nc3 Na6 7. cxd5 cxd5 8. a3
Nc7 9. Bg2 Be7 10. f3 Qd6 11. fxe4 dxe4 12. Nxe4 Qa6 13. Qc2 Nfd5 14. Nc3 Qe6
15. Nxd5 Nxd5 16. e4 Nb6 17. Ne2 Bd7 18. O-O Rc8 19. Qd3 a6 20. Nc3 O-O 21. e5
Rc7 22. Re1 Qb3 23. Qd1 Qc4 24. Bf4 Ba4 25. Nxa4 Qxa4 26. e6 Qxd1 27. Raxd1 Rc2
28. exf7+ Rxf7 29. b4 g5 30. Bb8 Rff2 31. Bxb7 Bf6 32. Rf1 Rxf1+ 33. Kxf1 Rxh2
34. Be5 Nd7 35. Bxf6 Nxf6 36. Bxa6 Kf8 37. Bc4 Ne4 38. Kg1 Rh3 39. Rd3 Nd6 40.
Be6 Rh6 41. d5 Rf6 42. a4 Ke7 43. Kg2 Kd8 44. Rc3 h5 45. a5 Nb5 46. Rc8+ Ke7
47. a6 Kd6 48. Rb8 Na7 49. Rb7 g4 50. Rxa7 Rf3 51. Rd7+ Ke5 52. Rd8 $138 0-1

[Event "120th YMCA Spring D"]
[Site "Warszawa"]
[Date "2013.04.26"]
[Round "2"]
[White "Kokoszczynski, Jan"]
[Black "Baum, Jonasz"]
[Result "1-0"]
[WhiteElo "1623"]
[BlackElo "1516"]
[PlyCount "41"]
[EventDate "2013.04.09"]
[EventType "tourn"]
[EventRounds "1"]
[EventCountry "POL"]
[SourceDate "2013.04.10"]

1. d4 Nf6 2. c4 e5 3. dxe5 Ng4 4. Bf4 g5 5. Bg3 Nc6 6. Nf3 Bg7 7. Nc3 Ngxe5 8.
e3 d6 9. Be2 Be6 10. Qa4 h6 11. O-O Qd7 12. c5 d5 13. Rfd1 Nxf3+ 14. Bxf3 Bxc3
15. bxc3 g4 16. Bxd5 Bxd5 17. c4 b5 18. Qxb5 Rb8 19. Qa6 Nb4 20. Qf6 Rf8 21.
cxd5 1-0

[Event "120th YMCA Spring D"]
[Site "Warszawa"]
[Date "2013.04.16"]
[Round "2"]
[White "Golecki, Jan"]
[Black "Bartczak, Hanna"]
[Result "1/2-1/2"]
[WhiteElo "1505"]
[BlackElo "1562"]
[PlyCount "39"]
[EventDate "2013.04.09"]
[EventType "tourn"]
[EventRounds "1"]
[EventCountry "POL"]
[SourceDate "2013.04.10"]

1. e4 d6 2. d4 Nf6 3. Nc3 Nbd7 4. f4 c6 5. Nf3 e5 6. dxe5 dxe5 7. Bc4 Bc5 8.
Ng5 O-O 9. Nxf7 Rxf7 10. Bxf7+ Kxf7 11. fxe5 Ne8 12. Rf1+ Kg8 13. e6 Qh4+ 14.
g3 Qxh2 15. exd7 Qxg3+ 16. Ke2 Qg2+ 17. Ke1 Qg3+ 18. Ke2 Qg2+ 19. Ke1 Qg3+ 20.
Ke2 1/2-1/2

[Event "120th YMCA Spring D"]
[Site "Warszawa"]
[Date "2013.04.16"]
[Round "2"]
[White "Gajewski, Wojciech"]
[Black "Kwiek, Janusz"]
[Result "0-1"]
[WhiteElo "1500"]
[BlackElo "1642"]
[PlyCount "126"]
[EventDate "2013.04.09"]
[EventType "tourn"]
[EventRounds "1"]
[EventCountry "POL"]
[SourceDate "2013.04.10"]

1. Nf3 d5 2. d4 Nf6 3. c4 e6 4. Nc3 Be7 5. e3 Nbd7 6. Bd3 O-O 7. O-O dxc4 8.
Bxc4 Nb6 9. Bb3 c5 10. Re1 cxd4 11. exd4 Nbd5 12. Bg5 h6 13. Bh4 b6 14. Rc1 Bb7
15. Bg3 Rc8 16. a3 Nxc3 17. Rxc3 Rxc3 18. bxc3 Ne4 19. Bc2 Nxg3 20. hxg3 g6 21.
Qd3 Bf6 22. Ne5 Bxe5 23. Rxe5 Qd6 24. a4 Rc8 25. f3 Kg7 26. Re3 Qxg3 27. a5
bxa5 28. Re5 Bd5 29. Ba4 Qf4 30. Re1 Qc7 31. Rc1 Qf4 32. Re1 Rc7 33. Bb5 Bb7
34. c4 a6 35. Ba4 Qd6 36. Rd1 Qb4 37. Bb3 a4 38. Ba2 a5 39. Rd2 Ba6 40. Rc2
Qe1+ 41. Kh2 h5 42. Rb2 Rd7 43. Rd2 h4 44. Qc3 Qg3+ 45. Kg1 f6 46. c5 Qe1+ 47.
Kh2 h3 48. g3 Be2 49. Qe3 Qa1 50. Rxe2 Rxd4 51. Qxe6 Rd1 52. Qe7+ Kh6 53. Kxh3
Rh1+ 54. Kg4 Qd4+ 55. Re4 f5+ 56. Kf4 fxe4 57. Qg5+ Kh7 58. Qe7+ Qg7 59. Qxe4
Qc7+ 60. Kg4 Qxc5 61. Bb1 Qf5+ 62. Qxf5 gxf5+ 63. Bxf5+ Kg7 0-1

[Event "120th YMCA Spring D"]
[Site "Warszawa"]
[Date "2013.04.16"]
[Round "2"]
[White "Budrewicz, Henryk"]
[Black "Duda, Ryszard"]
[Result "1-0"]
[WhiteElo "1573"]
[BlackElo "1631"]
[PlyCount "66"]
[EventDate "2013.04.09"]
[EventType "tourn"]
[EventRounds "1"]
[EventCountry "POL"]
[SourceDate "2013.04.10"]

1. d4 Nf6 2. Bf4 d6 3. Nf3 Nbd7 4. c4 c5 5. d5 Nb6 6. Qc2 e6 7. e4 exd5 8. exd5
g6 9. Bd3 Bg7 10. O-O O-O 11. h3 Bd7 12. Nc3 Qc7 13. a4 a6 14. a5 Nc8 15. Rfe1
Re8 16. Rxe8+ Nxe8 17. g4 Nf6 18. Qe2 Bf8 19. Qd2 Ne8 20. Ne4 f5 21. gxf5 Bxf5
22. Nfg5 Qd7 23. Kh2 Bg7 24. Re1 Nf6 25. Nxf6+ Bxf6 26. Bxf5 gxf5 27. Ne6 Ne7
28. Rg1+ Kf7 29. Qe2 Rg8 30. Qh5+ Ng6 31. Qxh7+ Rg7 32. Nxg7 Bxg7 33. Qxg6+ Kf8
1-0

[Event "120th YMCA Spring D"]
[Site "Warszawa"]
[Date "2013.04.16"]
[Round "2"]
[White "Rozycki, Dariusz"]
[Black "Malicka, Maria"]
[Result "1-0"]
[WhiteElo "1465"]
[BlackElo "1297"]
[PlyCount "83"]
[EventDate "2013.04.09"]
[EventType "tourn"]
[EventRounds "1"]
[EventCountry "POL"]
[SourceDate "2013.04.10"]

1. e4 c5 2. Nf3 e6 3. c3 a6 4. d4 cxd4 5. Nxd4 Nc6 6. Be2 Qc7 7. O-O Be7 8. Be3
Nf6 9. Bd3 O-O 10. f4 d6 11. Nd2 b6 12. Nxc6 Qxc6 13. Nf3 Nxe4 14. Nd4 Qb7 15.
Qg4 Nc5 16. Bc2 g6 17. Qg3 Bf6 18. f5 Qe7 19. fxg6 fxg6 20. Rad1 Bb7 21. Qh3
Bd5 22. a3 Rac8 23. Rfe1 e5 24. Nf5 Qe6 25. Nh6+ Kg7 26. Qxe6 Bxe6 27. Rxd6 a5
28. b4 axb4 29. axb4 Nd7 30. Rxe6 Rxc3 31. Re2 Rfc8 32. Be4 R3c4 33. Bf3 Rxb4
34. Ng4 Kf7 35. Bd5 Kg7 36. Bh6+ Kh8 37. Nxf6 Nxf6 38. Rxf6 Rd4 39. Bc6 Rh4 40.
Rf8+ Rxf8 41. Bxf8 h5 42. Re4 1-0

[Event "120th YMCA Spring D"]
[Site "Warszawa"]
[Date "2013.04.23"]
[Round "3"]
[White "Malicka, Maria"]
[Black "Kopaczewski, Zbigniew"]
[Result "1-0"]
[WhiteElo "1297"]
[BlackElo "1634"]
[PlyCount "73"]
[EventDate "2013.04.09"]
[EventType "tourn"]
[EventRounds "1"]
[EventCountry "POL"]
[SourceDate "2013.04.10"]

1. e4 g6 2. d4 e6 3. Be2 d5 4. exd5 Qxd5 5. Nf3 Bg7 6. Nc3 Qa5 7. Bd2 a6 8. h3
Bd7 9. O-O Qb6 10. Bc1 Ne7 11. Qd3 Nbc6 12. Be3 Nb4 13. Qd2 Nbd5 14. Nxd5 Nxd5
15. c4 Nxe3 16. fxe3 Rd8 17. c5 Qa7 18. Rac1 O-O 19. Bc4 Bc6 20. Qc2 b6 21. b4
a5 22. cxb6 cxb6 23. bxa5 Qxa5 24. Bb3 Bxf3 25. Rxf3 Rd7 26. Rcf1 Qa7 27. Qf2
Rdd8 28. Kh1 Qe7 29. Qg3 Rd7 30. h4 Kh8 31. Qh3 Bh6 32. Qg3 Rd6 33. Rxf7 Rxf7
34. Rxf7 Qxf7 35. Qxd6 Qf1+ 36. Kh2 Bxe3 37. Qe5+ 1-0

[Event "120th YMCA Spring D"]
[Site "Warszawa"]
[Date "2013.04.23"]
[Round "3"]
[White "Duda, Ryszard"]
[Black "Rozycki, Dariusz"]
[Result "1-0"]
[WhiteElo "1631"]
[BlackElo "1465"]
[PlyCount "73"]
[EventDate "2013.04.09"]
[EventType "tourn"]
[EventRounds "1"]
[EventCountry "POL"]
[SourceDate "2013.04.10"]

1. c4 e5 2. Nc3 g6 3. g3 Bg7 4. Bg2 f5 5. e3 Nf6 6. d3 O-O 7. Nge2 c6 8. e4 f4
9. gxf4 exf4 10. Bxf4 Ng4 11. Bg3 Qb6 12. O-O Qxb2 13. Bd6 Bxc3 14. Bxf8 Kxf8
15. Nxc3 Nxh2 16. Kxh2 Qxc3 17. Qf3+ Kg7 18. Bh3 Na6 19. Rfd1 d6 20. Bxc8 Rxc8
21. Qg3 Rf8 22. Kg2 Qc2 23. Qe3 Nc5 24. Rd2 Qc3 25. Rh1 h5 26. Rh3 Ne6 27. Rf3
b6 28. Rxf8 Kxf8 29. f4 Qd4 30. Qf3 Qf6 31. Rf2 Kg7 32. Qe3 c5 33. Qg3 Nd4 34.
e5 dxe5 35. fxe5 Qc6+ 36. Kh2 Nf5 37. Rxf5 1-0

[Event "120th YMCA Spring D"]
[Site "Warszawa"]
[Date "2013.04.23"]
[Round "3"]
[White "Kwiek, Janusz"]
[Black "Budrewicz, Henryk"]
[Result "1-0"]
[WhiteElo "1642"]
[BlackElo "1573"]
[PlyCount "90"]
[EventDate "2013.04.09"]
[EventType "tourn"]
[EventRounds "1"]
[EventCountry "POL"]
[SourceDate "2013.04.10"]

1. Nf3 d5 2. d4 e6 3. Bf4 Nf6 4. e3 c5 5. Bb5+ Bd7 6. Bxd7+ Nbxd7 7. O-O Be7 8.
dxc5 Nxc5 9. Nc3 a6 10. h3 O-O 11. Ne5 Rc8 12. Rc1 b5 13. a3 Qb6 14. Qe2 Rfd8
15. Rfd1 b4 16. axb4 Qxb4 17. Rb1 h6 18. Ng4 d4 19. exd4 Rxd4 20. Rxd4 Qxd4 21.
Be5 Qb4 22. Nxf6+ Bxf6 23. Bxf6 gxf6 24. Qg4+ Qxg4 25. hxg4 Rd8 26. Re1 Rb8 27.
b3 Rc8 28. Ne2 Kf8 29. f3 Ke7 30. Kf2 e5 31. Ke3 Ne6 32. c3 Nf4 33. Nxf4 exf4+
34. Kd3+ Kd6 35. Ra1 Rc6 36. Rh1 Rc5 37. Rxh6 Ke6 38. Rh5 Rg5 39. b4 Re5 40.
Rxe5+ fxe5 41. Ke4 Kd6 42. c4 f6 43. Kf5 Ke7 44. c5 Kf7 45. c6 Ke7 1-0

[Event "120th YMCA Spring D"]
[Site "Warszawa"]
[Date "2013.04.23"]
[Round "3"]
[White "Bartczak, Hanna"]
[Black "Gajewski, Wojciech"]
[Result "0-1"]
[WhiteElo "1562"]
[BlackElo "1500"]
[PlyCount "72"]
[EventDate "2013.04.09"]
[EventType "tourn"]
[EventRounds "1"]
[EventCountry "POL"]
[SourceDate "2013.04.10"]

1. d4 g6 2. c4 Bg7 3. Nc3 d6 4. e4 Nc6 5. Nf3 e5 6. d5 Nce7 7. Be2 Nf6 8. O-O
O-O 9. Be3 Ng4 10. Bd2 f5 11. h3 Nf6 12. exf5 gxf5 13. Qc1 Kh8 14. Bh6 Rg8 15.
Kh2 Qd7 16. Nh4 Qd8 17. Qg5 Qf8 18. Bxg7+ Rxg7 19. Qd2 a6 20. b4 Qf7 21. Rae1
Bd7 22. Bd1 Rag8 23. Rg1 Ne8 24. Ne2 Qf6 25. Nf3 Rg6 26. Ng3 Qf8 27. Nh4 Rh6
28. Nh5 Nf6 29. Nxf6 Qxf6 30. Nf3 Nc8 31. c5 e4 32. Nd4 Qe5+ 33. g3 f4 34. Ne6
e3 35. Qd4 Qxd4 36. Nxd4 exf2 0-1

[Event "120th YMCA Spring D"]
[Site "Warszawa"]
[Date "2013.04.23"]
[Round "3"]
[White "Baum, Jonasz"]
[Black "Golecki, Jan"]
[Result "0-1"]
[WhiteElo "1516"]
[BlackElo "1505"]
[PlyCount "76"]
[EventDate "2013.04.09"]
[EventType "tourn"]
[EventRounds "1"]
[EventCountry "POL"]
[SourceDate "2013.04.10"]

1. e4 c5 2. Nf3 e6 3. d4 cxd4 4. Nxd4 Nf6 5. Nc3 Nc6 6. Ndb5 Bb4 7. a3 Bxc3+ 8.
Nxc3 d5 9. exd5 exd5 10. Bd3 O-O 11. O-O Re8 12. Bg5 h6 13. Bxf6 Qxf6 14. Nxd5
Qd8 15. f4 Be6 16. c4 Bxd5 17. cxd5 Ne7 18. d6 Nd5 19. Qh5 Qxd6 20. Qf3 Ne3 21.
Rad1 Nxd1 22. Rxd1 Qb6+ 23. Qf2 Qxf2+ 24. Kxf2 Rad8 25. Kf3 g6 26. g4 Kf8 27.
f5 gxf5 28. gxf5 f6 29. b3 Re5 30. Kg4 Red5 31. Kh5 Rxd3 32. Rxd3 Rxd3 33. Kxh6
Kf7 34. h4 Rg3 35. h5 Rc3 36. Kh7 Rxb3 37. h6 Rh3 38. Kh8 Rxh6# 0-1

[Event "120th YMCA Spring D"]
[Site "Warszawa"]
[Date "2013.04.23"]
[Round "3"]
[White "Markiewicz, Janusz"]
[Black "Kokoszczynski, Jan"]
[Result "0-1"]
[WhiteElo "1406"]
[BlackElo "1623"]
[PlyCount "92"]
[EventDate "2013.04.09"]
[EventType "tourn"]
[EventRounds "1"]
[EventCountry "POL"]
[SourceDate "2013.04.10"]

1. e4 e5 2. Nf3 Nc6 3. Bc4 Nf6 4. d4 exd4 5. Ng5 Ne5 6. Qxd4 Nxc4 7. Qxc4 d5 8.
Qd4 Nxe4 9. Nxe4 dxe4 10. Qxd8+ Kxd8 11. O-O Bd6 12. Nc3 Re8 13. Be3 Bg4 14. h3
Bh5 15. g4 Bg6 16. h4 h5 17. g5 Ke7 18. Rad1 f5 19. Nb5 b6 20. Rfe1 Bf7 21. b3
Be6 22. g6 Be5 23. Bg5+ Kf8 24. f4 a6 25. fxe5 axb5 26. Ra1 Ra7 27. Re2 c6 28.
Rd2 Bd5 29. Bf4 Re6 30. a4 Rxg6+ 31. Bg5 Re6 32. Be3 Ra6 33. Bd4 Rg6+ 34. Kh2
bxa4 35. bxa4 Rg4 36. Kh3 f4 37. Rf2 Ke7 38. Rg2 Be6 39. Rxg4 hxg4+ 40. Kg2 c5
41. Bc3 Bd5 42. Kf2 e3+ 43. Kg1 f3 44. a5 f2+ 45. Kh2 e2 46. axb6 Rxa1 0-1

[Event "120th YMCA Spring D"]
[Site "Warszawa"]
[Date "2013.04.30"]
[Round "4"]
[White "Golecki, Jan"]
[Black "Markiewicz, Janusz"]
[Result "1-0"]
[WhiteElo "1505"]
[BlackElo "1406"]
[PlyCount "77"]
[EventDate "2013.04.09"]
[EventType "tourn"]
[EventRounds "1"]
[EventCountry "POL"]
[SourceDate "2013.04.10"]

1. e4 e5 2. f4 d5 3. exd5 e4 4. d3 Qxd5 5. Nc3 Bb4 6. Bd2 Bxc3 7. Bxc3 f6 8.
Qe2 Bf5 9. g4 Bg6 10. f5 Bf7 11. Qxe4+ Ne7 12. O-O-O Nbc6 13. b3 Qc5 14. Bxf6
gxf6 15. Nf3 Bd5 16. Qf4 Qa3+ 17. Kd2 Qa5+ 18. Kc1 Nb4 19. a4 O-O-O 20. Bg2
Na2+ 21. Kb2 Qc3+ 22. Kxa2 Qxc2+ 23. Ka1 Qxg2 24. Rc1 c6 25. Nd4 Qh3 26. Nb5
Kd7 27. Qc7+ Ke8 28. Rhe1 Rd7 29. Qc8+ Rd8 30. Nd6+ Kf8 31. Qxd8+ Kg7 32. Rxe7+
Kh6 33. Qxh8 Kg5 34. Qg7+ Kf4 35. Qxh7 Qxd3 36. Qh6+ Kxg4 37. Rg1+ Kf3 38. Rg3+
Kf2 39. Rxd3 1-0

[Event "120th YMCA Spring D"]
[Site "Warszawa"]
[Date "2013.04.30"]
[Round "4"]
[White "Gajewski, Wojciech"]
[Black "Baum, Jonasz"]
[Result "1-0"]
[WhiteElo "1500"]
[BlackElo "1516"]
[PlyCount "57"]
[EventDate "2013.04.09"]
[EventType "tourn"]
[EventRounds "1"]
[EventCountry "POL"]
[SourceDate "2013.04.10"]

1. d4 Nf6 2. c4 e5 3. dxe5 Ng4 4. Nf3 Bc5 5. e3 Nc6 6. Be2 Ngxe5 7. a3 a5 8. b3
O-O 9. O-O Re8 10. Bb2 Re6 11. Nbd2 Ng4 12. Nd4 Bxd4 13. exd4 Nxh2 14. Kxh2
Qh4+ 15. Kg1 Rh6 16. f4 Qh2+ 17. Kf2 Qxf4+ 18. Nf3 Rf6 19. Qc1 Qh4+ 20. Kg1 Qg3
21. d5 Rg6 22. Rf2 Nd8 23. Ne5 Rh6 24. Qf4 Qxb3 25. Nxf7 Rf6 26. Bxf6 Nxf7 27.
Bd4 h6 28. Qxf7+ Kh7 29. Qxg7# 1-0

[Event "120th YMCA Spring D"]
[Site "Warszawa"]
[Date "2013.05.21"]
[Round "4"]
[White "Budrewicz, Henryk"]
[Black "Bartczak, Hanna"]
[Result "0-1"]
[WhiteElo "1573"]
[BlackElo "1562"]
[PlyCount "102"]
[EventDate "2013.04.09"]
[EventType "tourn"]
[EventRounds "1"]
[EventCountry "POL"]
[SourceDate "2013.04.10"]

1. Nf3 d5 2. g3 Nf6 3. Bg2 e6 4. O-O Bd6 5. d4 O-O 6. Ne5 c5 7. c3 Nc6 8. f4
Qc7 9. e3 Bd7 10. Nd2 Rab8 11. g4 h6 12. h4 g5 13. fxg5 Bxe5 14. dxe5 Nh7 15.
Nf3 hxg5 16. hxg5 Nxe5 17. Nxe5 Qxe5 18. e4 Nxg5 19. Bf4 Qg7 20. Bxb8 Rxb8 21.
exd5 exd5 22. Bxd5 Bxg4 23. Qxg4 Nh3+ 24. Kh2 Qxg4 25. Rg1 Nxg1 26. Rxg1 Qxg1+
27. Kxg1 Kg7 28. c4 b6 29. Kf2 f6 30. a3 Kh6 31. b4 Kg5 32. Kf3 Rh8 33. Kg3 Kf5
34. Bc6 Ke5 35. bxc5 bxc5 36. a4 a5 37. Kg4 f5+ 38. Kf3 f4 39. Bd7 Rd8 40. Bc6
Rd4 41. Bd5 Rd3+ 42. Ke2 Ra3 43. Bc6 Kd4 44. Bb5 Rc3 45. Kf2 Rxc4 46. Kf3 Kc3
47. Ke2 Rd4 48. Kf3 Kd2 49. Kf2 c4 50. Be8 c3 51. Bg6 c2 0-1

[Event "120th YMCA Spring D"]
[Site "Warszawa"]
[Date "2013.04.30"]
[Round "4"]
[White "Rozycki, Dariusz"]
[Black "Kwiek, Janusz"]
[Result "1/2-1/2"]
[WhiteElo "1465"]
[BlackElo "1642"]
[Annotator "Admin"]
[PlyCount "79"]
[EventDate "2013.04.09"]
[EventType "tourn"]
[EventRounds "1"]
[EventCountry "POL"]
[SourceDate "2013.04.10"]

1. e4 e6 2. d4 d5 3. Nc3 Nf6 4. e5 Nfd7 5. f4 c5 6. Nf3 Nc6 7. Be3 Qb6 8. a3
cxd4 9. Bxd4 Nxd4 10. Nxd4 Bc5 11. Na4 Qa5+ 12. c3 Bxd4 13. Qxd4 O-O 14. Bd3 b5
15. Nc5 Nxc5 16. Qxc5 Bd7 17. O-O Rfc8 18. Qe7 Qd8 19. Qxd8+ Rxd8 20. Rf3 g6
21. Raf1 Bc6 22. Rg3 Kf8 23. Rd1 Ke7 24. Be2 a5 25. Rd4 Rab8 26. b4 Ra8 27. Kf2
Rdb8 28. h4 $11 h5 29. Re3 axb4 30. axb4 Ra2 31. Red3 Rc2 32. Rg3 Ra8 33. Rdd3
Raa2 34. Rge3 Rab2 35. Kf3 Rc1 36. Kf2 Rcc2 37. Ke1 Rc1+ 38. Kf2 Ra1 39. Rh3
Rc1 40. Rhe3 1/2-1/2

[Event "120th YMCA Spring D"]
[Site "Warszawa"]
[Date "2013.04.30"]
[Round "4"]
[White "Malicka, Maria"]
[Black "Duda, Ryszard"]
[Result "0-1"]
[WhiteElo "1297"]
[BlackElo "1631"]
[PlyCount "102"]
[EventDate "2013.04.09"]
[EventType "tourn"]
[EventRounds "1"]
[EventCountry "POL"]
[SourceDate "2013.04.10"]

1. e4 c5 2. Nf3 d6 3. d4 cxd4 4. Nxd4 Nf6 5. Nc3 a6 6. Be3 e6 7. Be2 Qc7 8. O-O
b5 9. a3 Bb7 10. f3 Be7 11. Qe1 d5 12. exd5 Nxd5 13. Nxd5 Bxd5 14. Qd2 Nd7 15.
b4 O-O 16. Bd3 Nf6 17. Rfe1 Bd6 18. h3 Rac8 19. Rac1 Qc3 20. Qxc3 Rxc3 21. Ra1
Rfc8 22. Bd2 R3c7 23. Rac1 Bc4 24. Bxc4 Rxc4 25. Be3 Bg3 26. Re2 Nd5 27. Nb3
Nxe3 28. Rxe3 Rxc2 29. Rxc2 Rxc2 30. Rd3 g6 31. Rd1 Kg7 32. Nc5 Bf2+ 33. Kf1
Bxc5 34. bxc5 Rxc5 35. Rd6 a5 36. Rb6 Rd5 37. Kf2 Kf6 38. Ke3 h5 39. Rb7 Rc5
40. Kd2 a4 41. Rb6 Ke5 42. g3 g5 43. Kd3 f5 44. Rb7 f4 45. g4 hxg4 46. hxg4 Kf6
47. Ke2 Re5+ 48. Kf2 Re3 49. Rxb5 Rxa3 50. Rb2 Rb3 51. Ra2 a3 0-1

[Event "120th YMCA Spring D"]
[Site "Warszawa"]
[Date "2013.05.06"]
[Round "5"]
[White "Kwiek, Janusz"]
[Black "Malicka, Maria"]
[Result "1-0"]
[WhiteElo "1642"]
[BlackElo "1297"]
[PlyCount "87"]
[EventDate "2013.04.09"]
[EventType "tourn"]
[EventRounds "1"]
[EventCountry "POL"]
[SourceDate "2013.04.10"]

1. Nf3 Nf6 2. d4 d5 3. c4 e6 4. Bg5 Be7 5. e3 O-O 6. Nc3 b6 7. cxd5 Nxd5 8.
Bxe7 Qxe7 9. Rc1 Bb7 10. Be2 Nxc3 11. Rxc3 Nc6 12. O-O Rfd8 13. Qa4 Qd6 14.
Rfc1 h6 15. Rxc6 Bxc6 16. Qxc6 Qxc6 17. Rxc6 Rd7 18. Ba6 Rad8 19. g3 Kf8 20.
Kg2 g6 21. h4 Kg7 22. Ne5 Re7 23. Nc4 Rd5 24. b4 b5 25. Na3 Kf6 26. Nxb5 Rdd7
27. Nxa7 Kg7 28. a4 Rd6 29. b5 Rxc6 30. Nxc6 Re8 31. Bb7 f6 32. a5 e5 33. a6
exd4 34. Nxd4 Rb8 35. Nc6 Re8 36. a7 Kf7 37. Nb8 Ke7 38. a8=Q Kd6 39. Qa3+ Ke5
40. Qc5+ Ke6 41. Bd5+ Kf5 42. Nd7 g5 43. Qc2+ Kg4 44. Nxf6# 1-0